Statistics for Every Super Bowl QB Performance Ranked

Click here to take the quiz!

General Stats

  • This quiz has been taken 29 times
  • The average score is 85 of 110

Answer Stats

#Super BowlTeamQuarterback% Correct
7Super Bowl 51New England PatriotsTom Brady
100%
8Super Bowl 44New Orleans SaintsDrew Brees
97%
1Super Bowl 24San Francisco 49ersJoe Montana
97%
3Super Bowl 19San Francisco 49ersJoe Montana
97%
10Super Bowl 38New England PatriotsTom Brady
97%
21Super Bowl 55Tampa Bay BuccaneersTom Brady
97%
32Super Bowl 39New England PatriotsTom Brady
97%
15Super Bowl 49New England PatriotsTom Brady
97%
12Super Bowl 52New England PatriotsTom Brady
97%
5Super Bowl 27Dallas CowboysTroy Aikman
97%
14Super Bowl 45Green Bay PackersAaron Rodgers
93%
24Super Bowl 32Green Bay PackersBrett Favre
93%
13Super Bowl 23San Francisco 49ersJoe Montana
93%
51Super Bowl 3New York JetsJoe Namath
93%
9Super Bowl 34St Louis RamsKurt Warner
93%
84Super Bowl 55Kansas City ChiefsPatrick Mahomes
93%
61Super Bowl 54Kansas City ChiefsPatrick Mahomes
93%
40Super Bowl 41Indianapolis ColtsPeyton Manning
93%
27Super Bowl 44Indianapolis ColtsPeyton Manning
93%
6Super Bowl 21New York GiantsPhil Simms
93%
29Super Bowl 49Seattle SeahawksRussell Wilson
93%
2Super Bowl 29San Francisco 49ersSteve Young
93%
44Super Bowl 14Pittsburgh SteelersTerry Bradshaw
93%
31Super Bowl 10Pittsburgh SteelersTerry Bradshaw
93%
19Super Bowl 13Pittsburgh SteelersTerry Bradshaw
93%
63Super Bowl 42New England PatriotsTom Brady
93%
48Super Bowl 53New England PatriotsTom Brady
93%
52Super Bowl 36New England PatriotsTom Brady
93%
57Super Bowl 46New England PatriotsTom Brady
93%
102Super Bowl 40Pittsburgh SteelersBen Roethlisberger
90%
41Super Bowl 43Pittsburgh SteelersBen Roethlisberger
90%
73Super Bowl 45Pittsburgh SteelersBen Roethlisberger
90%
33Super Bowl 31Green Bay PackersBrett Favre
90%
96Super Bowl 50Carolina PanthersCam Newton
90%
16Super Bowl 47Baltimore RavensJoe Flacco
90%
44Super Bowl 16San Francisco 49ersJoe Montana
90%
37Super Bowl 33Denver BroncosJohn Elway
90%
30Super Bowl 21Denver BroncosJohn Elway
90%
50Super Bowl 32Denver BroncosJohn Elway
90%
78Super Bowl 22Denver BroncosJohn Elway
90%
103Super Bowl 24Denver BroncosJohn Elway
90%
22Super Bowl 43Arizona CardinalsKurt Warner
90%
58Super Bowl 36St Louis RamsKurt Warner
90%
23Super Bowl 51Atlanta FalconsMatt Ryan
90%
34Super Bowl 48Seattle SeahawksRussell Wilson
90%
79Super Bowl 9Pittsburgh SteelersTerry Bradshaw
90%
35Super Bowl 30Dallas CowboysTroy Aikman
90%
47Super Bowl 28Dallas CowboysTroy Aikman
90%
18Super Bowl 1Green Bay PackersBart Starr
86%
43Super Bowl 2Green Bay PackersBart Starr
86%
38Super Bowl 42New York GiantsEli Manning
86%
20Super Bowl 46New York GiantsEli Manning
86%
72Super Bowl 28Buffalo BillsJim Kelly
86%
87Super Bowl 26Buffalo BillsJim Kelly
86%
71Super Bowl 25Buffalo BillsJim Kelly
86%
101Super Bowl 27Buffalo BillsJim Kelly
86%
54Super Bowl 17Washington RedskinsJoe Theismann
86%
11Super Bowl 52Philadelphia EaglesNick Foles
86%
64Super Bowl 19Miami DolphinsDan Marino
83%
4Super Bowl 22Washington RedskinsDoug Williams
83%
68Super Bowl 8Minnesota VikingsFran Tarkenton
83%
82Super Bowl 11Minnesota VikingsFran Tarkenton
83%
104Super Bowl 9Minnesota VikingsFran Tarkenton
83%
100Super Bowl 5Baltimore ColtsJohnny Unitas
83%
88Super Bowl 50Denver BroncosPeyton Manning
83%
74Super Bowl 48Denver BroncosPeyton Manning
83%
28Super Bowl 47San Francisco 49ersColin Kaepernick
79%
49Super Bowl 20Chicago BearsJim McMahon
79%
75Super Bowl 54San Francisco 49ersJimmy Garoppolo
79%
89Super Bowl 18Washington RedskinsJoe Theismann
79%
42Super Bowl 6Dallas CowboysRoger Staubach
79%
25Super Bowl 13Dallas CowboysRoger Staubach
79%
46Super Bowl 12Dallas CowboysRoger Staubach
79%
67Super Bowl 10Dallas CowboysRoger Staubach
79%
94Super Bowl 8Miami DolphinsBob Griese
76%
91Super Bowl 6Miami DolphinsBob Griese
76%
93Super Bowl 7Miami DolphinsBob Griese
76%
90Super Bowl 23Cincinnati BengalsBoomer Esiason
76%
53Super Bowl 37Tampa Bay BuccaneersBrad Johnson
76%
56Super Bowl 39Philadelphia EaglesDonovan McNabb
76%
76Super Bowl 31New England PatriotsDrew Bledsoe
76%
69Super Bowl 34Tennessee TitansSteve McNair
72%
66Super Bowl 53Los Angeles RamsJared Goff
69%
55Super Bowl 11Oakland RaidersKen Stabler
69%
95Super Bowl 37Oakland RaidersRich Gannon
69%
59Super Bowl 1Kansas City ChiefsLen Dawson
66%
85Super Bowl 1Kansas City ChiefsLen Dawson
66%
65Super Bowl 40Seattle SeahawksMatt Hasselbeck
66%
92Super Bowl 35Baltimore RavensTrent Dilfer
66%
26Super Bowl 38Carolina PanthersJake Delhomme
62%
17Super Bowl 15Oakland RaidersJim Plunkett
59%
60Super Bowl 16Cincinnati BengalsKen Anderson
59%
83Super Bowl 41Chicago BearsRex Grossman
59%
86Super Bowl 15Philadelphia EaglesRon Jaworski
59%
39Super Bowl 25New York GiantsJeff Hostetler
55%
45Super Bowl 18Los Angeles RaidersJim Plunkett
55%
36Super Bowl 26Washington RedskinsMark Rypien
48%
106Super Bowl 35New York GiantsKerry Collins
41%
81Super Bowl 30Pittsburgh SteelersNeil O'Donnell
41%
77Super Bowl 29San Diego ChargersStan Humphries
34%
109Super Bowl 20New England PatriotsTony Eason
34%
80Super Bowl 33Atlanta FalconsChris Chandler
31%
108Super Bowl 12Denver BroncosCraig Morton
31%
98Super Bowl 5Dallas CowboysCraig Morton
28%
107Super Bowl 3Baltimore ColtsEarl Morrall
28%
62Super Bowl 2Oakland RaidersDaryle Lamonica
24%
70Super Bowl 14Los Angeles RamsVince Ferragamo
24%
105Super Bowl 7Washington RedskinsBilly Kilmer
14%
97Super Bowl 4Minnesota VikingsJoe Kapp
10%
99Super Bowl 17Miami DolphinsDavis Woodley
0%

Score Distribution

Percentile by Number Answered

Percent of People with Each Score

Your Score History

You have not taken this quiz